The recovery of uranium. : Proceedings of a symposium ... organized by the International Atomic Energy Agency and held in Sa⁺٣o Paulo, 17-21 Aug. 1970.

Enregistré dans:
Détails bibliographiques
Collectivités auteurs: Symposium on the Recovery of Uranium From Its Ores and Other Sources (Sa⁺٣o Paulo), International Atomic Energy Agency
Format: Actes de congrès Livre
Langue:English
French
Russian
Spanish
Publié: Vienna, : International Atomic Energy Agency, 1971.
Collection:Proceedings series (International Atomic Energy Agency)
Sujets:
LEADER 01546cam a2200373 a 4500
001 c000217065
003 CARM
005 20030924210725.0
008 710928s1971 au a b 101 0 eng
010 |a 78595851 
015 |a Au71-6369 
019 1 |a 94183  |5 LACONCORD2021 
035 |a (OCoLC)203174  |5 LACONCORD2021 
040 |a LC  |b eng  |c LC  |d ANL:NR 
041 0 |a eng  |a fre  |a rus  |a spa 
050 0 0 |a TN799.U7  |b S95 1970 
082 0 4 |a 669.2/9/31 
082 0 4 |a 669.2/9/31 
082 0 4 |a 669.2/9/31 
111 2 |a Symposium on the Recovery of Uranium From Its Ores and Other Sources  |c (Sa⁺٣o Paulo)  |d (1970.) 
245 1 4 |a The recovery of uranium. :  |b Proceedings of a symposium ... organized by the International Atomic Energy Agency and held in Sa⁺٣o Paulo, 17-21 Aug. 1970. 
260 |a Vienna, :  |b International Atomic Energy Agency,  |c 1971. 
300 |a 478 p. :  |b illus., diagrs., tables. ;  |c 24 cm. 
490 1 |a Proceedings series. 
500 |a "STI/PUB/262." 
500 |a English, French, Russian or Spanish; abstracts in English. 
500 |a Errata slip inserted. 
504 |a Includes bibliographical references. 
650 0 |a Uranium  |x Metallurgy  |x Congresses. 
710 2 |a International Atomic Energy Agency. 
830 0 |a Proceedings series (International Atomic Energy Agency) 
852 8 |b CARM  |h A2:AK05A0  |i B06035  |p 0271821  |f BK 
999 f f |i ca21438e-2188-5a32-94b5-a88f044adb5e  |s 3b2c6337-232b-5e4b-9281-470e788d4f55 
952 f f |p Can circulate  |a CAVAL  |b CAVAL  |c CAVAL  |d CARM 1 Store  |e B06035  |f A2:AK05A0  |h Other scheme  |i book  |m 0271821